Statistics for Comic book story by plot

Click here to take the quiz!

General Stats

  • This quiz has been taken 6 times
  • The average score is 12 of 20

Answer Stats

HintAnswer% Correct
Hundreds of children die because of careless superheros and Iron Man and Captain America fight each otherCivil War
100%
Thanos uses the stones and eventually becomes a cosmic entityInfinity Gauntlet
100%
The being Nekron creates the black lantern corps and reanimates the dead superheroes in order to destroy all lifeBlackest Night
80%
A being called the Anti-Monitor travels across the multiverse and starts destroying planetsCrisis on Infinite Earths
80%
Flash prevents his mother's death and creates an alternate timeline where he doesn't have powersFlashpoint
80%
Wanda loses control of her powers and creates a universe where everyone gets what they truly wantHouse of M
80%
Alternate future where superheroes are reckless and endanger innocents, which causes superman to come out of retirement and reform the Justice LeagueKingdom Come
80%
Heroes and Villains get transported to a mosh-pit of a planet created by a cosmic being and forced to fight each other, OR Doctor Doom becomes a god and creates his own mosh-pit of a planet with himself as the rulerSecret Wars
80%
Spider men from various universes band together to stop a race of multiversal hunters who feed on their essenceSpider-Verse
80%
Alternate future where Bruce Wayne becomes more brutal and cynical and fights SupermanThe Dark Knight Returns
80%
A mysterious killer assasinates a mobster every holiday, and Batman, James Gordon, and Harvel Dent try to find out who did itBatman: The Long Halloween
60%
Set in 19th century Gotham, a rookie Batman has to come face to face with Jack the RipperGotham by Gaslight
60%
The Joker tricks superman into killing his family and Metropolis, and Superman responds by punching a hole in Joker's chest and becoming dictator of the world. Batman leads the resistanceInjustice
60%
Ultron from the future hijacks the Vision from the past and takes over the worldAge of Ultron
40%
Superman realizes he is going to die in a year and tries to fix the world before he goesAll-Star Superman
40%
A space epic where cosmic races and superheros fight against an army of billions of bugsAnnihilation
40%
A member of the Teen Titans is revealed to have been a mole for their greatest villainNew Teen Titans: The Judas Contract
40%
Wolverine gets mind controlled by Nazis and fights everyoneEnemy of the State
20%
A group of mutant-hating extremists called the Purifiers target the X-men and attempt to brainwash Professor XGod Loves, Man Kills
20%
Thanos collects the infinity stonesThanos Quest
20%

Score Distribution

Percentile by Number Answered

Percent of People with Each Score

Your Score History

You have not taken this quiz